[Event "Quimper op 5th"]
[Site "Quimper"]
[Date "2014.10.31"]
[Round "3"]
[White "Kerbaol, Jacques"]
[Black "Betsch, Eric"]
[Result "0-1"]
[WhiteElo "1515"]
[BlackElo "1550"]
[PlyCount "26"]
[EventDate "2014.10.31"]
[EventType "swiss"]
[EventRounds "7"]
[EventCountry "FRA"]
[SourceTitle "EXT 2016"]
[Source "ChessBase"]
[SourceDate "2015.10.08"]
[SourceVersion "1"]
[SourceVersionDate "2015.10.08"]
[SourceQuality "1"]

1. e4 c5 2. d4 cxd4 3. c3 dxc3 4. Nxc3 Nc6 5. Nf3 e6 6. Bc4 Qc7 7. 0-0 Nf6 8. Qe2 Ng4 9. Nb5 Qb8 10. Rd1 a6 11. Nbd4 Bc5 12. Nxc6 bxc6 13. Nd4 Qxh2+ 0-1

[Event "Quimper op 5th"]
[Site "Quimper"]
[Date "2014.10.31"]
[Round "4"]
[White "Le Guehennec, Jean Marc"]
[Black "Betsch, Eric"]
[Result "1-0"]
[WhiteElo "1920"]
[BlackElo "1550"]
[PlyCount "103"]
[EventDate "2014.10.31"]
[EventType "swiss"]
[EventRounds "7"]
[EventCountry "FRA"]
[SourceTitle "EXT 2016"]
[Source "ChessBase"]
[SourceDate "2015.10.08"]
[SourceVersion "1"]
[SourceVersionDate "2015.10.08"]
[SourceQuality "1"]

1. Nf3 Nf6 2. g3 d6 3. d4 Bf5 4. Bg2 Qc8 5. 0-0 Bh3 6. Nc3 Bxg2 7. Kxg2 e6 8. e4 Be7 9. Bg5 h6 10. Be3 c6 11. Qd3 Qc7 12. Rae1 Nbd7 13. b4 d5 14. exd5 cxd5 15. Bf4 Qc4 16. Qxc4 dxc4 17. Rb1 a6 18. Ne5 Nd5 19. Nxd5 exd5 20. Rfe1 Nxe5 21. Bxe5 0-0 22. Bxg7 Kxg7 23. Rxe7 b5 24. Rbe1 a5 25. a3 axb4 26. axb4 Kf6 27. c3 Ra3 28. Rb7 Rxc3 29. Rxb5 Rb3 30. Rxd5 Rxb4 31. Rc5 Rd8 32. d5 c3 33. Rc6+ Kg7 34. Rd1 c2 35. Rxc2 Rb5 36. d6 Rb7 37. Rcd2 Rbd7 38. Kf3 Kf6 39. Kf4 Ke6 40. h4 Rxd6 41. Rxd6+ Rxd6 42. Rxd6+ Kxd6 43. Kf5 Ke7 44. h5 Kf8 45. Kf6 Kg8 46. g4 Kf8 47. f4 Kg8 48. g5 hxg5 49. fxg5 Kf8 50. g6 fxg6 51. hxg6 Kg8 52. g7 1-0